000 01574cam a22003251i 4500
003 SA-RiAUC
005 20251117121606.0
008 251115s1993 su g 00010 ara c
040 _aSA-MaUQU
_bara
_cSA-RiAUC
_erda
082 0 4 _a252.5
_qSA-RiAUC
090 _a252.5
_bا ب ن ب
100 1 _aابن باز، عبد العزيز بن عبد الله بن عبد الرحمن،
_d1332-1420 هجري
_eمؤلف.
245 1 2 _aالتحقيق والإيضاح لكثير من مسائل الحج والعمرة والزيارة على ضوء الكتاب والسنة /
_cعبد العزيز بن عبد الله بن باز.
250 _aالطبعة الاولى
264 1 _aالقاهرة :
_bمكتبة آل ياسر،
_c1994
300 _a96 صفحة ؛
_c15 سم
336 _aنص
_btxt
_2rdacontent
_3كتاب
337 _aبدون وسيط
_bn
_2rdamedia
338 _aمجلد
_bnc
_2rdacarrier
490 0 _aإصدارات مركز شؤون الدعوة / الجامعة الإسلامية (المدينة المنورة) ؛
_v38
650 7 _aالحج (فقه إسلامي)
_2aucsh
650 7 _aالعمرة (فقه إسلامي)
_2aucsh
650 7 _aالحج في القرآن
_2aucsh
650 7 _aالحج في الحديث
_2aucsh
650 7 _aالعمرة في القرآن
_2aucsh
650 7 _aالعمرة في الحديث
_2aucsh
830 0 _aإصدارات مركز شؤون الدعوة / الجامعة الإسلامية (المدينة المنورة)
_v38
942 _2ddc
_cBOOK
_n0
949 _aSA-JeALM
_d251115
_umohamedma123
_n1
999 _c13298
_d13298